Derecho administrativo sancionador. (Registro nro. 35819)

Detalles MARC
000 -LEADER
fixed length control field 00301 a2200109 4500
001 - CONTROL NUMBER
control field ART_59150
005 - DATE AND TIME OF LATEST TRANSACTION
control field 20260410162051.0
008 - FIXED-LENGTH DATA ELEMENTS--GENERAL INFORMATION
fixed length control field 260409a
100 1# - MAIN ENTRY--PERSONAL NAME
Personal name Schurig, Harry
245 10 - TITLE STATEMENT
Title Derecho administrativo sancionador.
773 0# - HOST ITEM ENTRY
Title Impuestos
Related parts - N° 154 (ago. 2023)
Record control number REV45175

No hay ítems disponibles.